The law reports under the superintendence of the Incorporated Council of Law Reporting for England and Wales. Ten years' digest 1901 to 1910... (Record no. 102300)

MARC details
000 -LEADER
fixed length control field 00514cam a2200145 4500
001 - CONTROL NUMBER
control field J119375
008 - FIXED-LENGTH DATA ELEMENTS--GENERAL INFORMATION
fixed length control field 020816n1911 000 0 eng u
035 ## - SYSTEM CONTROL NUMBER
System control number (Sirsi) u119375
050 ## - LIBRARY OF CONGRESS CALL NUMBER
Classification number 348.41047
110 ## - MAIN ENTRY--CORPORATE NAME
Corporate name or jurisdiction name as entry element Incoporated Council of Law Reporting for England and Wales
245 #4 - TITLE STATEMENT
Title The law reports under the superintendence of the Incorporated Council of Law Reporting for England and Wales. Ten years' digest 1901 to 1910...
260 ## - PUBLICATION, DISTRIBUTION, ETC.
Place of publication, distribution, etc. London
Name of publisher, distributor, etc. ICLR
Date of publication, distribution, etc. 1911
300 ## - PHYSICAL DESCRIPTION
Extent dlxxvii,3045p.
Dimensions 24cm.
942 ## - ADDED ENTRY ELEMENTS (KOHA)
Suppress in OPAC 0
Holdings
Withdrawn status Lost status Damaged status Not for loan Home library Current library Shelving location Date acquired Total Checkouts Full call number Barcode Date last seen Copy number Price effective from Koha item type
        London London Reference copy 16/08/2002   Library office shelf L55 30065580 28/05/2024 1 06/08/2019 Reference material